So sánh đặc sắc trong Người lái đò sông Đà của Nguyễn Tuân /
Gardado en:
| Autor Principal: | |
|---|---|
| Formato: | Artigo |
| Idioma: | Vietnamese |
| Những chủ đề: | |
| Các nhãn: |
Engadir etiqueta
Sen Etiquetas, Sexa o primeiro en etiquetar este rexistro!
|
| Thư viện lưu trữ: | Thư viện Trường Đại học Đà Lạt |
|---|
| LEADER | 00796nam a2200289 4500 | ||
|---|---|---|---|
| 001 | DLU060052599 | ||
| 040 | # | # | |a DLU |b vie |
| 041 | # | # | |a vie |
| 044 | # | # | |a vn |
| 100 | # | # | |a Nguyễn Thanh Tú |
| 245 | # | # | |a So sánh đặc sắc trong Người lái đò sông Đà của Nguyễn Tuân / |c Nguyễn Thanh Tú |
| 653 | # | # | |a Nguyễn Tuân |
| 653 | # | # | |a Phân tích tác phẩm |
| 653 | # | # | |a So sánh |
| 653 | # | # | |a Văn học |
| 773 | # | # | |t Ngôn ngữ |g Số 6, 2004, tr.30-33 |
| 920 | # | # | |a Phòng Tạp chí -- Trung tâm Thông tin - Thư viện Trường Đại học Đà Lạt |
| 933 | # | # | |a CT, TN |
| 994 | # | # | |a DLU |
| 900 | # | # | |a True |
| 911 | # | # | |a Nguyễn Thị Yên |
| 925 | # | # | |a G |
| 926 | # | # | |a A |
| 927 | # | # | |a BB |
| 980 | # | # | |a Thư viện Trường Đại học Đà Lạt |